000 00593nam a2200205Ia 4500
005 20250923145431.0
008 008 250917s9999 xx 000 0 eng d
037 _aTextual
040 _aDSWL
_beng
_cDSWL
041 _aeng
_2eng
084 _aY:1:6x2,N70<--N60, N76
_qDSWL
100 _aPakrasi, K.B.
_9835272
245 0 _aBiosocial studies in India
_c by K.B.Pakrasi
260 _aCalcutta
_bEditions Indian
_c1976
300 _ax,668 p.
365 _aINR
_b76.5
925 _g76.5
942 _cTEXL
_hY:1:6x2,N70<--N60, N76
999 _c1451305
_d1451305